000 00470cam a22001577a 4500
008 180718b2004 xxu||||| |||| 00| 0 eng d
020 _a8185040850
082 _aF8x54 R188
100 _aRathnaswamy, P.
245 _aElectoral reforms: law and institutions of India and world
_cby P. Rathnaswamy
260 _aNew Delhi
_bBookwell
_c2004
300 _a456p.
650 _aElection law
650 _aElections --Social aspects --India
650 _aElection law --India
999 _c493085
_d493085